[Event "HUN-chT2 Barcza 0809"]
[Site "Hungary"]
[Date "2009.04.19"]
[Round "11.5"]
[White "Nagy, Kalman"]
[Black "Heindrich, Janos"]
[Result "1/2-1/2"]
[WhiteElo "2055"]
[BlackElo "2131"]
[PlyCount "38"]
[EventDate "2008.10.26"]
[EventType "team-tourn"]
[EventRounds "11"]
[EventCountry "HUN"]
[SourceTitle "EXT 2010"]
[Source "ChessBase"]
[SourceDate "2010.11.25"]
[SourceVersion "1"]
[SourceVersionDate "2010.11.25"]
[SourceQuality "1"]
[WhiteTeam "SSASSE"]
[BlackTeam "Kazincbarcika II"]
[WhiteTeamCountry "HUN"]
[BlackTeamCountry "HUN"]

1. e4 c5 2. Nc3 d6 3. g3 Nf6 4. Bg2 e6 5. d3 Be7 6. Nge2 Nc6 7. 0-0 d5 8. exd5 exd5 9. d4 Bg4 10. f3 Bf5 11. Be3 c4 12. Nf4 0-0 13. g4 Be6 14. Nce2 Bd6 15. c3 Qc7 16. Qd2 b5 17. Nxe6 fxe6 18. Bf4 Rad8 19. Rae1 Rfe8 1/2-1/2

[Event "HUN-chT2 Barcza 0809"]
[Site "Hungary"]
[Date "2008.11.02"]
[Round "2.8"]
[White "Heindrich, Janos"]
[Black "Pasku, Tibor"]
[Result "1/2-1/2"]
[WhiteElo "2131"]
[BlackElo "2045"]
[PlyCount "64"]
[EventDate "2008.10.26"]
[EventType "team-tourn"]
[EventRounds "11"]
[EventCountry "HUN"]
[SourceTitle "EXT 2010"]
[Source "ChessBase"]
[SourceDate "2010.11.25"]
[SourceVersion "1"]
[SourceVersionDate "2010.11.25"]
[SourceQuality "1"]
[WhiteTeam "Kazincbarcika II"]
[BlackTeam "Debrecen Betu"]
[WhiteTeamCountry "HUN"]
[BlackTeamCountry "HUN"]

1. c4 g6 2. d4 Bg7 3. Nc3 d6 4. e4 Nc6 5. Be3 e5 6. d5 Nce7 7. Qd2 f5 8. f4 fxe4 9. fxe5 dxe5 10. Nxe4 Nf5 11. Bg5 Nf6 12. Bd3 h6 13. Nxf6+ Bxf6 14. Bxf6 Qxf6 15. Nf3 Bd7 16. 0-0 0-0-0 17. c5 Rhe8 18. c6 Bxc6 19. dxc6 e4 20. Qb4 Qxc6 21. Rac1 Qb6+ 22. Qxb6 axb6 23. Bb5 c6 24. Ne1 Nd4 25. a4 Kb8 26. Rf7 cxb5 27. Rcc7 Re6 28. Rxb7+ Ka8 29. Ra7+ Kb8 30. Rfb7+ Kc8 31. Rh7 Kb8 32. Rab7+ Ka8 1/2-1/2

[Event "HUN-chT2 Barcza 0708"]
[Site "Hungary"]
[Date "2008.04.27"]
[Round "10"]
[White "Heindrich, Janos"]
[Black "Mizik, Zsolt"]
[Result "1-0"]
[WhiteElo "2128"]
[BlackElo "2035"]
[PlyCount "57"]
[EventDate "2007.10.14"]
[EventType "team"]
[EventRounds "11"]
[EventCountry "HUN"]
[SourceTitle "EXT 2009"]
[Source "ChessBase"]
[SourceDate "2008.11.26"]
[SourceVersion "1"]
[SourceVersionDate "2008.11.26"]
[SourceQuality "1"]
[WhiteTeam "Kazincbarcika II"]
[BlackTeam "Tiszavasvar"]
[WhiteTeamCountry "HUN"]
[BlackTeamCountry "HUN"]

1. c4 c5 2. Nf3 Nc6 3. Nc3 g6 4. e3 Bg7 5. d4 cxd4 6. exd4 d6 7. d5 Ne5 8. Nxe5 Bxe5 9. Bd3 Nf6 10. 0-0 0-0 11. h3 Nh5 12. f4 Bg7 13. g4 Qb6+ 14. Kh2 Nf6 15. Qe2 Re8 16. f5 Bd7 17. Be3 Qc7 18. Qd2 Rad8 19. Bh6 a6 20. Qg5 Bxh6 21. Qxh6 Qb6 22. Qd2 Kg7 23. Ne2 Rh8 24. Qc3 Qe3 25. Nf4 Qe5 26. Qd2 Ne4 27. Bxe4 Qxe4 28. Rae1 Qxc4 29. Nh5+ 1-0

[Event "HUN-chT2 Barcza 0708"]
[Site "Hungary"]
[Date "2007.12.16"]
[Round "5"]
[White "Kovacs, Laszlo"]
[Black "Heindrich, Janos"]
[Result "0-1"]
[WhiteElo "2019"]
[BlackElo "2128"]
[PlyCount "48"]
[EventDate "2007.10.14"]
[EventType "team"]
[EventRounds "11"]
[EventCountry "HUN"]
[SourceTitle "EXT 2009"]
[Source "ChessBase"]
[SourceDate "2008.11.26"]
[SourceVersion "1"]
[SourceVersionDate "2008.11.26"]
[SourceQuality "1"]
[WhiteTeam "Hajduszoboszlo"]
[BlackTeam "Kazincbarcika II"]
[WhiteTeamCountry "HUN"]
[BlackTeamCountry "HUN"]

1. d4 f5 2. c4 Nf6 3. Nc3 g6 4. Bg5 Bg7 5. Bxf6 Bxf6 6. e3 0-0 7. h4 d6 8. h5 g5 9. Qf3 c5 10. 0-0-0 Nc6 11. Nge2 cxd4 12. Nxd4 Nxd4 13. exd4 g4 14. Qd3 Qa5 15. f4 Be6 16. d5 Bd7 17. Kb1 a6 18. Qd2 Qc5 19. Bd3 b5 20. cxb5 axb5 21. Rc1 Qa7 22. a3 b4 23. axb4 Rfc8 24. Rhe1 Qa1+ 0-1

[Event "HUN-chT2 Maroczy 0506"]
[Site "Hungary"]
[Date "2006.02.12"]
[Round "7"]
[White "Heindrich, Janos"]
[Black "Szatmary, Revay Jozsef"]
[Result "1-0"]
[WhiteElo "2127"]
[BlackElo "2112"]
[PlyCount "79"]
[EventDate "2005.10.16"]
[EventType "team"]
[EventRounds "11"]
[EventCountry "HUN"]
[SourceTitle "EXT 2009"]
[Source "ChessBase"]
[SourceDate "2008.11.26"]
[SourceVersion "1"]
[SourceVersionDate "2008.11.26"]
[SourceQuality "1"]
[WhiteTeam "Kazincbarcika"]
[BlackTeam "Matra"]
[WhiteTeamCountry "HUN"]
[BlackTeamCountry "HUN"]

1. Nf3 Nf6 2. c4 c6 3. d4 d5 4. Nc3 e6 5. Bg5 Nbd7 6. e3 Bb4 7. Bd3 Qa5 8. Qc2 dxc4 9. Bxc4 Nb6 10. Bd3 Nbd5 11. Bxf6 gxf6 12. 0-0 Bxc3 13. bxc3 Qxc3 14. Qe2 Qa3 15. Bc4 Qd6 16. Nd2 f5 17. Rac1 Nf6 18. Bd3 Bd7 19. Nc4 Qc7 20. Ne5 h5 21. f3 Qd6 22. Nc4 Qd5 23. Qf2 c5 24. dxc5 Qxc5 25. Qb2 Ke7 26. Kh1 Nd5 27. e4 Nb4 28. Bb1 f6 29. exf5 exf5 30. Rfe1+ Kf7 31. Ne5+ Qxe5 32. Rxe5 fxe5 33. Qxb4 Rac8 34. Rd1 Bc6 35. Bxf5 Rcd8 36. Rxd8 Rxd8 37. h3 Kf6 38. Be4 Bxe4 39. Qxe4 Rd7 40. g4 1-0

[Event "HUN-chT2 Barcza 0405"]
[Site "Hungary"]
[Date "2005.02.20"]
[Round "8"]
[White "Kucsa, Andras"]
[Black "Heindrich, Janos"]
[Result "1/2-1/2"]
[WhiteElo "2022"]
[BlackElo "2117"]
[PlyCount "36"]
[EventDate "2004.09.26"]
[EventType "team"]
[EventRounds "11"]
[EventCountry "HUN"]
[SourceTitle "EXT 2009"]
[Source "ChessBase"]
[SourceDate "2008.11.26"]
[SourceVersion "1"]
[SourceVersionDate "2008.11.26"]
[SourceQuality "1"]
[WhiteTeam "Piremon II"]
[BlackTeam "Kazincbarcika"]
[WhiteTeamCountry "HUN"]
[BlackTeamCountry "HUN"]

1. d4 f5 2. c4 Nf6 3. g3 g6 4. Bg2 Bg7 5. Nc3 0-0 6. Nf3 d6 7. 0-0 c6 8. Re1 Qc7 9. e4 fxe4 10. Nxe4 Nxe4 11. Rxe4 Bf5 12. Re1 e5 13. dxe5 dxe5 14. Qb3 Nd7 15. Be3 Rae8 16. Rad1 Bg4 17. Ng5 Bxd1 18. Rxd1 Nf6 1/2-1/2

[Event "HUN-chT2 Barcza 0405"]
[Site "Hungary"]
[Date "2005.02.06"]
[Round "7"]
[White "Heindrich, Janos"]
[Black "Toth, Imre"]
[Result "0-1"]
[WhiteElo "2117"]
[BlackElo "2121"]
[PlyCount "70"]
[EventDate "2004.09.26"]
[EventType "team"]
[EventRounds "11"]
[EventCountry "HUN"]
[SourceTitle "EXT 2009"]
[Source "ChessBase"]
[SourceDate "2008.11.26"]
[SourceVersion "1"]
[SourceVersionDate "2008.11.26"]
[SourceQuality "1"]
[WhiteTeam "Kazincbarcika"]
[BlackTeam "Karcag"]
[WhiteTeamCountry "HUN"]
[BlackTeamCountry "HUN"]

1. c4 Nf6 2. Nc3 g6 3. e4 d6 4. d4 Bg7 5. f3 0-0 6. Be3 Nbd7 7. Qd2 Re8 8. Nge2 c5 9. d5 Ne5 10. Nf4 a6 11. h4 h5 12. 0-0-0 Bd7 13. b3 Qa5 14. Nd3 Nxd3+ 15. Bxd3 b5 16. Qc2 bxc4 17. Bxc4 Bb5 18. Rd3 Bxc4 19. bxc4 Nd7 20. f4 Rab8 21. Nb1 Rb2 22. Qxb2 Bxb2+ 23. Kxb2 Qb4+ 24. Rb3 Qxc4 25. Nd2 Qe2 26. Ka3 e6 27. dxe6 Rxe6 28. g4 hxg4 29. h5 g3 30. h6 Kh7 31. e5 g2 32. Rh2 d5 33. Rc3 Qxe3 34. Rxe3 g1Q 35. Ree2 Qc1+ 0-1

[Event "HUN-chT2 Maroczy 0506"]
[Site "Hungary"]
[Date "2005.??.??"]
[Round "4"]
[White "Pesztericz, Laszlo"]
[Black "Heindrich, Janos"]
[Result "0-1"]
[WhiteElo "2202"]
[BlackElo "2127"]
[PlyCount "78"]
[EventDate "2005.10.16"]
[EventType "team"]
[EventRounds "11"]
[EventCountry "HUN"]
[SourceTitle "EXT 2009"]
[Source "ChessBase"]
[SourceDate "2008.11.26"]
[SourceVersion "1"]
[SourceVersionDate "2008.11.26"]
[SourceQuality "1"]
[WhiteTeam "Honved II"]
[BlackTeam "Kazincbarcika"]
[WhiteTeamCountry "HUN"]
[BlackTeamCountry "HUN"]

1. e4 c5 2. Nc3 Nc6 3. g3 Nf6 4. Bg2 e6 5. Nge2 d5 6. d3 d4 7. Nb1 e5 8. 0-0 h5 9. c3 h4 10. cxd4 hxg3 11. hxg3 cxd4 12. Nd2 Bd7 13. Nf3 Qc8 14. Ng5 Nh7 15. Nxh7 Rxh7 16. f4 Bh3 17. f5 Bxg2 18. Kxg2 g6 19. Ng1 Qd7 20. a3 Bd6 21. Bg5 Be7 22. Qd2 0-0-0 23. Bxe7 Nxe7 24. Qa5 Nc6 25. Rac1 Kb8 26. Qc5 Rdh8 27. Nf3 gxf5 28. Nxe5 Rh2+ 29. Kf3 fxe4+ 30. dxe4 Nxe5+ 31. Qxe5+ Ka8 32. Qf5 Qd8 33. Rc4 R2h5 34. Qf4 f5 35. Rfc1 fxe4+ 36. Qxe4 Qf6+ 37. Qf4 Qe6 38. Rc5 Re8 39. R5c2 Rf5 0-1

[Event "HUN-chT2 Maroczy 0203"]
[Site "Hungary"]
[Date "2003.03.02"]
[Round "8.9"]
[White "Hohl, Matthias"]
[Black "Heindrich, Janos"]
[Result "1-0"]
[WhiteElo "2069"]
[BlackElo "2133"]
[PlyCount "57"]
[EventDate "2002.09.22"]
[EventType "team"]
[EventRounds "11"]
[EventCountry "HUN"]
[SourceTitle "EXT 2004"]
[Source "ChessBase"]
[SourceDate "2003.11.25"]
[SourceVersion "1"]
[SourceVersionDate "2003.11.25"]
[SourceQuality "1"]
[WhiteTeam "Husi"]
[BlackTeam "Sarospatak"]
[WhiteTeamCountry "HUN"]
[BlackTeamCountry "HUN"]

1. d4 f5 2. g3 Nf6 3. Bg2 g6 4. Nf3 Bg7 5. 0-0 0-0 6. c3 e6 7. Bf4 d6 8. Qc1 Nc6 9. Nbd2 h6 10. h4 Nh5 11. Nc4 Kh7 12. a4 Qe7 13. Be3 e5 14. d5 Nd8 15. Qd2 f4 16. gxf4 e4 17. Nh2 Qxh4 18. Kh1 Nxf4 19. Bxe4 Bf5 20. Bxf5 Rxf5 21. Rg1 Nxd5 22. Rg4 Qe7 23. Rag1 Nxe3 24. Nxe3 Rxf2 25. Qd3 Kh8 26. Qxg6 Ne6 27. Nf5 Be5 28. Qxh6+ Qh7 29. Qxh7+ 1-0

[Event "HUN-chT2 0102"]
[Site "Hungary"]
[Date "2002.01.13"]
[Round "5"]
[White "Berecz, Arpad"]
[Black "Heindrich, Janos"]
[Result "0-1"]
[WhiteElo "2158"]
[BlackElo "2134"]
[PlyCount "94"]
[EventDate "2001.??.??"]
[EventType "team"]
[EventRounds "11"]
[EventCountry "HUN"]
[SourceTitle "EXT 2004"]
[Source "ChessBase"]
[SourceDate "2003.11.25"]
[SourceVersion "1"]
[SourceVersionDate "2003.11.25"]
[SourceQuality "1"]

1. e4 g6 2. d4 Bg7 3. Nc3 d6 4. Nf3 Nf6 5. Be2 0-0 6. 0-0 Nbd7 7. Bf4 Nh5 8. Be3 e5 9. dxe5 dxe5 10. Qd2 c6 11. Rad1 Qe7 12. Qd6 Qxd6 13. Rxd6 Nf4 14. Bc4 Nb6 15. Bb3 Bg4 16. Rfd1 Ne6 17. Ne2 Nd4 18. Nexd4 exd4 19. Bxd4 Bxd4 20. R1xd4 c5 21. Ne5 cxd4 22. Nxg4 Rad8 23. Rxd8 Rxd8 24. Nh6+ Kg7 25. Nxf7 Rd7 26. Ne5 Re7 27. f4 a5 28. a4 Nd7 29. Nxd7 Rxd7 30. Bd5 Rc7 31. Bb3 d3 32. cxd3 Rc1+ 33. Kf2 Rb1 34. Kf3 b5 35. axb5 Rxb2 36. Bd5 a4 37. e5 a3 38. Ke4 Rxb5 39. Be6 Rb2 40. g4 Rxh2 41. f5 a2 42. f6+ Kf8 43. Bxa2 Rxa2 44. g5 Rg2 45. Kf4 Kf7 46. d4 Ke6 47. Ke4 Rg4+ 0-1

[Event "HUN-chT2 0102"]
[Site "Hungary"]
[Date "2001.11.18"]
[Round "3"]
[White "Petro, Janos"]
[Black "Heindrich, Janos"]
[Result "1-0"]
[WhiteElo "2085"]
[BlackElo "2134"]
[PlyCount "79"]
[EventDate "2001.??.??"]
[EventType "team"]
[EventRounds "11"]
[EventCountry "HUN"]
[SourceTitle "EXT 2004"]
[Source "ChessBase"]
[SourceDate "2003.11.25"]
[SourceVersion "1"]
[SourceVersionDate "2003.11.25"]
[SourceQuality "1"]

1. Nf3 Nf6 2. g3 g6 3. d4 d5 4. Bg2 Bg7 5. 0-0 0-0 6. b3 c5 7. Bb2 cxd4 8. Bxd4 Nc6 9. Bb2 Re8 10. Nbd2 e5 11. e3 Bg4 12. h3 Bf5 13. c4 d4 14. exd4 Bd3 15. Re1 e4 16. Ne5 Nxd4 17. Nxd3 exd3 18. Rxe8+ Nxe8 19. Kh1 Nc2 20. Bxg7 Nxg7 21. Rc1 Qd4 22. Kg1 Rd8 23. Bd5 Qb2 24. Rb1 Qxa2 25. Qf3 Na3 26. Qxf7+ Kh8 27. Qf6 Re8 28. Rb2 Qa1+ 29. Kh2 Qe1 30. Ne4 Nc2 31. Nd6 h5 32. Nxe8 Qxe8 33. Qf3 Qe1 34. Qf8+ Kh7 35. Qg8+ Kh6 36. Qh8+ Kg5 37. h4+ Kf5 38. Qf8+ Ke5 39. Qxg7+ Kd6 40. Qxg6+ 1-0

[Event "HUN-chT2 Maroczy 0001"]
[Site "Hungary"]
[Date "2001.02.25"]
[Round "7"]
[White "Hetenyi, Geza"]
[Black "Heindrich, Janos"]
[Result "1-0"]
[WhiteElo "2199"]
[BlackElo "2181"]
[PlyCount "93"]
[EventDate "2000.11.26"]
[EventType "team"]
[EventRounds "11"]
[EventCountry "HUN"]
[SourceTitle "EXT 2007"]
[Source "ChessBase"]
[SourceDate "2006.11.23"]
[SourceVersion "1"]
[SourceVersionDate "2006.11.23"]
[SourceQuality "1"]
[WhiteTeam "Dunaharaszti"]
[BlackTeam "Sarospatak II"]
[WhiteTeamCountry "HUN"]
[BlackTeamCountry "HUN"]

1. c4 e5 2. Nc3 c5 3. g3 Nc6 4. Bg2 g6 5. d3 Bg7 6. Rb1 Nge7 7. Nf3 0-0 8. 0-0 d6 9. a3 f5 10. Bd2 h6 11. b4 g5 12. Ne1 f4 13. Ne4 cxb4 14. axb4 g4 15. Nc2 Nf5 16. b5 Ncd4 17. Nxd4 Nxd4 18. e3 Ne6 19. exf4 exf4 20. Qxg4 Ng5 21. Qh5 Rf5 22. Nxg5 Rxg5 23. Qf3 Bg4 24. Qxf4 Be2 25. Bxb7 Bxf1 26. Rxf1 Rb8 27. Be4 Re5 28. Qf3 Qd7 29. d4 Re7 30. Bd5+ Kh8 31. Be3 Rf8 32. Qd1 Qe8 33. Qd3 Qh5 34. Bg2 Rd8 35. Ra1 Rc7 36. Ra6 Qf7 37. Bd5 Qh5 38. Kg2 Qe8 39. Qf5 Re7 40. Qf4 Bf8 41. h4 Qd7 42. Qf6+ Bg7 43. Qg6 Qe8 44. Qxe8+ Rdxe8 45. Bf4 Bxd4 46. Rxd6 h5 47. Bc6 1-0

[Event "Infotozsde Cup Red Gr 8th"]
[Site "Heves"]
[Date "2001.02.19"]
[Round "1.3"]
[White "Bernath, Robert"]
[Black "Heindrich, Janos"]
[Result "1/2-1/2"]
[WhiteElo "2188"]
[BlackElo "2148"]
[PlyCount "115"]
[EventDate "2001.02.17"]
[EventType "tourn"]
[EventRounds "10"]
[EventCountry "HUN"]
[SourceTitle "EXT 2004"]
[Source "ChessBase"]
[SourceDate "2003.11.25"]
[SourceVersion "1"]
[SourceVersionDate "2003.11.25"]
[SourceQuality "1"]

1. e4 e5 2. Nf3 Nc6 3. Bc4 Nf6 4. d4 exd4 5. 0-0 Nxe4 6. Re1 d5 7. Bxd5 Qxd5 8. Nc3 Qa5 9. Nxe4 Be6 10. Neg5 0-0-0 11. Nxe6 fxe6 12. Rxe6 h6 13. Qe2 Bd6 14. Bd2 Qh5 15. Re1 d3 16. Qe4 dxc2 17. h3 Rhf8 18. Bc3 Rf4 19. Qxc2 Rxf3 20. gxf3 Qxh3 21. Rxd6 cxd6 22. Qe4 d5 23. Qg4+ Qxg4+ 24. fxg4 d4 25. Bd2 Kd7 26. f4 Kd6 27. Kf2 Kd5 28. b3 Rd7 29. Kf3 Re7 30. Rxe7 Nxe7 31. Bb4 Ng6 32. Be1 b6 33. Bf2 Nf8 34. Be1 Nd7 35. Bd2 Nc5 36. f5 a5 37. f6 gxf6 38. Bxh6 Ne4 39. Bf4 b5 40. Bc7 a4 41. bxa4 bxa4 42. Bd8 d3 43. Ke3 d2 44. Ke2 Ke5 45. Bc7+ Kd4 46. Ba5 a3 47. Bb4 Ke5 48. Bxa3 Nc3+ 49. Kxd2 Nb1+ 50. Ke3 Nxa3 51. Kf3 Nc2 52. a4 Nd4+ 53. Kg3 Ke4 54. a5 Ke5 55. a6 Nc6 56. Kf3 Ke6 57. Kf4 Kf7 58. g5 1/2-1/2

[Event "HUN-chT2 Maroczy 0001"]
[Site "Hungary"]
[Date "2001.01.14"]
[Round "4"]
[White "Heindrich, Janos"]
[Black "Hogye, Imre"]
[Result "1-0"]
[WhiteElo "2181"]
[BlackElo "2154"]
[PlyCount "64"]
[EventDate "2000.11.26"]
[EventType "team"]
[EventRounds "11"]
[EventCountry "HUN"]
[SourceTitle "EXT 2007"]
[Source "ChessBase"]
[SourceDate "2006.11.23"]
[SourceVersion "1"]
[SourceVersionDate "2006.11.23"]
[SourceQuality "1"]
[WhiteTeam "Sarospatak II"]
[BlackTeam "Ujszasz"]
[WhiteTeamCountry "HUN"]
[BlackTeamCountry "HUN"]

1. c4 Nf6 2. Nc3 e6 3. e4 d5 4. e5 d4 5. exf6 dxc3 6. bxc3 Qxf6 7. Be2 c5 8. Bf3 Nd7 9. Ne2 Qd8 10. d4 cxd4 11. cxd4 Bb4+ 12. Bd2 Qa5 13. Rb1 Bxd2+ 14. Qxd2 Qxd2+ 15. Kxd2 Rb8 16. Nc3 0-0 17. Nb5 e5 18. Nxa7 exd4 19. Nxc8 Rfxc8 20. Rxb7 Rxb7 21. Bxb7 Rxc4 22. Rc1 Rxc1 23. Kxc1 Nc5 24. Bd5 Kf8 25. Kb2 Ke7 26. Ka3 f6 27. Kb4 Kd6 28. Kc4 d3 29. Bf3 f5 30. Kd4 g5 31. h3 h6 32. Kc4 d2 1-0

[Event "HUN-ch U20"]
[Site "Budapest"]
[Date "2001.??.??"]
[Round "9"]
[White "Erdelyi, Zombor"]
[Black "Heindrich, Janos"]
[Result "1-0"]
[WhiteElo "2244"]
[BlackElo "2138"]
[PlyCount "41"]
[EventDate "2001.??.??"]
[EventType "swiss"]
[EventRounds "9"]
[EventCountry "HUN"]
[SourceTitle "EXT 2002"]
[Source "ChessBase"]
[SourceDate "2001.11.25"]
[SourceVersion "1"]
[SourceVersionDate "2001.11.25"]
[SourceQuality "1"]

1. e4 e5 2. Nf3 Nc6 3. Bb5 f5 4. Nc3 fxe4 5. Nxe4 Nf6 6. Bxc6 dxc6 7. Nxf6+ Qxf6 8. Qe2 Bf5 9. d3 Bd6 10. Ng5 0-0-0 11. 0-0 h6 12. Ne4 Qe6 13. Bd2 g5 14. b4 g4 15. a4 h5 16. b5 c5 17. Bg5 Bxe4 18. Bxd8 Bf3 19. gxf3 Qf5 20. Qe4 Qe6 21. Bg5 1-0

[Event "HUN-ch U20"]
[Site "Budapest"]
[Date "2001.??.??"]
[Round "2"]
[White "Nagy, Mihaly"]
[Black "Heindrich, Janos"]
[Result "0-1"]
[WhiteElo "2112"]
[BlackElo "2138"]
[PlyCount "28"]
[EventDate "2001.??.??"]
[EventType "swiss"]
[EventRounds "9"]
[EventCountry "HUN"]
[SourceTitle "EXT 2002"]
[Source "ChessBase"]
[SourceDate "2001.11.25"]
[SourceVersion "1"]
[SourceVersionDate "2001.11.25"]
[SourceQuality "1"]

1. e4 e5 2. Nf3 Nc6 3. Bb5 f5 4. Nc3 fxe4 5. Nxe4 Nf6 6. d3 d5 7. Nxf6+ gxf6 8. Nh4 Qe7 9. Qf3 Qb4+ 10. Bd2 Qxb5 11. Qxf6 Rg8 12. 0-0 Qa4 13. f4 Qd4+ 14. Kh1 e4 0-1

[Event "Miskolc Avas op-A"]
[Site "Miskolc"]
[Date "2000.06.25"]
[Round "9.10"]
[White "Toth, Jozsef"]
[Black "Heindrich, Janos"]
[Result "1-0"]
[WhiteElo "2071"]
[BlackElo "2134"]
[PlyCount "128"]
[EventDate "2000.06.25"]
[EventType "swiss"]
[EventRounds "9"]
[EventCountry "HUN"]
[SourceTitle "EXT 2004"]
[Source "ChessBase"]
[SourceDate "2003.11.25"]
[SourceVersion "1"]
[SourceVersionDate "2003.11.25"]
[SourceQuality "1"]

1. d4 Nf6 2. c4 e6 3. Nc3 Bb4 4. Qb3 Bxc3+ 5. Qxc3 d6 6. f3 0-0 7. e4 e5 8. d5 Nh5 9. Be3 c5 10. Bd3 Nf4 11. Bxf4 exf4 12. 0-0-0 b5 13. Ne2 Nd7 14. Nxf4 Ne5 15. Be2 Rb8 16. h4 Nxc4 17. Bxc4 bxc4 18. g4 Qe7 19. Nh5 f6 20. Nf4 Qe5 21. Ne2 Bd7 22. Rd2 a5 23. Qc2 a4 24. f4 Qe7 25. f5 a3 26. bxa3 Rb6 27. Rh3 Rfb8 28. Nc3 Qe5 29. Rf3 Ra8 30. Kd1 Rxa3 31. Ke1 h6 32. Kf1 Ra8 33. Kg2 Rab8 34. Qc1 Bc8 35. Rdf2 Qe7 36. Rg3 Rb1 37. Qf4 R1b2 38. Rgf3 Qe5 39. Qxe5 fxe5 40. g5 Rxf2+ 41. Rxf2 hxg5 42. hxg5 Kf7 43. Kg3 Bd7 44. Rh2 Ra8 45. Kg4 Ra3 46. g6+ Ke7 47. Rc2 Kf6 48. Kf3 Ra8 49. Ke3 Ra3 50. Kd2 Bxf5 51. exf5 Kxf5 52. Rb2 e4 53. Rb7 Kxg6 54. Re7 Kf5 55. Nxe4 Rxa2+ 56. Kc3 Ra3+ 57. Kc2 Ra2+ 58. Kb1 Ra6 59. Re6 g5 60. Nxd6+ Kf4 61. Nxc4 Ra4 62. Rf6+ Kg3 63. Ne3 Ra3 64. Nf5+ Kf4 1-0